История Древнего мира: учебное пособие для старших классов; В 2 т.

Бібліографічні деталі
Автор: Немировский А. И. Александр Иосифович
Інші автори: Ильинская Л. С. Людмила Станиславовна, Уколова В. И. Виктория Ивановна
Мова:Російська
Опубліковано: Москва, Дрофа, 1995-
Формат: Книга
KOHA link:https://koha.lib.tpu.ru/cgi-bin/koha/opac-detail.pl?biblionumber=61144

MARC

LEADER 00000nam1a2200000 4500
001 61144
005 20231031062417.0
035 |a (RuTPU)RU\TPU\book\64696 
035 |a RU\TPU\book\506 
090 |a 61144 
100 |a 20040304d1995 m y0rusy50 ca 
101 0 |a rus 
102 |a RU 
200 1 |a История Древнего мира  |e учебное пособие для старших классов  |e В 2 т.  |f А. И. Немировский, Л. С. Ильинская, В. И. Уколова 
210 |a Москва  |c Дрофа  |d 1995- 
700 1 |a Немировский  |b А. И.  |g Александр Иосифович 
701 1 |a Ильинская  |b Л. С.  |g Людмила Станиславовна 
701 1 |a Уколова  |b В. И.  |g Виктория Ивановна 
801 0 |a RU  |b 63413507  |c 20011209  |g PSBO 
801 2 |a RU  |b 63413507  |c 20040304  |g PSBO 
942 |c BK